000 00651nam a2200241Ia 4500
003 OSt
005 20220924122514.0
006 a|||||r|||| 00| 0
007 ta
008 220923b |||||||| |||| 00| 0 per d
024 _a270389
037 _cTextual
040 _aARTS
_cARTS
_bper
041 _2per
_aper
082 _aO164,3G53x, 111L5
100 _aKhusru Amir
_9189709
245 0 _aTale of the four dervishes
260 _aLondon
_bThe Octagon Press
_c1975
300 _a148p.
_ccm.
650 _aPERSIAN LITERATURE
_9309
942 _hO164,3G53x, 111L5
_cTEXL
_2CC
999 _c411886
_d411886